KOHA-Header-6

National Culture and International Management in East Asia (Record no. 8754)

000 -LEADER
fixed length control field 00296nam a2200109Ia 4500
100 ## - MAIN ENTRY--AUTHOR NAME
Personal name Herbert J. Davis
245 #0 - TITLE STATEMENT
Title National Culture and International Management in East Asia
260 ## - PUBLICATION, DISTRIBUTION, ETC. (IMPRINT)
Place of publication New york
Name of publisher Prentice
Year of publication 2004
300 ## - PHYSICAL DESCRIPTION
Number of Pages 748
942 ## - ADDED ENTRY ELEMENTS (KOHA)
Koha item type Books
Holdings
Withdrawn status Lost status Collection code Permanent Location Current Location Shelving location Date acquired Full call number Accession Number Koha item type
    Management MAJU MAJU   2019-09-14 658.403 3707 Management

Powered by Koha